Možnosti a spôsoby optimalizácie výroby v podniku bakalárska práca

Salvato in:
Dettagli Bibliografici
Autore principale: Orbanová, Rebeka
Ente Autore: Fakulta podnikového manažmentu EU. Katedra podnikovohospodárska
Altri autori: Rakovská, Júlia, 1972-
Natura: Libro
Lingua:slovacco
Pubblicazione: Bratislava 2024
Tags: Aggiungi Tag
Nessun Tag, puoi essere il primo ad aggiungerne!!

MARC

LEADER 00000nbm a2200000 4500
001 0301849
005 20250206092704.7
041 0 |a slo 
044 |a SK 
245 1 0 |a Možnosti a spôsoby optimalizácie výroby v podniku  |b bakalárska práca  |c Rebeka Orbanová ; školiteľ: Júlia Rakovská 
264 1 |a Bratislava  |c 2024 
300 |a 59 s. 
100 1 |a Orbanová, Rebeka 
700 1 |a Rakovská, Júlia, 1972- 
710 2 |a Fakulta podnikového manažmentu EU. Katedra podnikovohospodárska